Vida privada y pública de los animales / (Registro nro. 8589)

Detalles MARC
000 -LEADER
fixed length control field 01042nam a22003017a 4500
001 - CONTROL NUMBER
control field 00260
003 - CONTROL NUMBER IDENTIFIER
control field DO-SdBNP
005 - DATE AND TIME OF LATEST TRANSACTION
control field 20180207145320.0
008 - FIXED-LENGTH DATA ELEMENTS--GENERAL INFORMATION
fixed length control field 151106b 1984 sp ||||| |||| 00| 0 spa d
020 ## - INTERNATIONAL STANDARD BOOK NUMBER
International Standard Book Number 847525182X
040 ## - CATALOGING SOURCE
Original cataloging agency BPMSU
Language of cataloging spa
Transcribing agency BPMSU
041 17 - LANGUAGE CODE
Language code of text/sound track or separate title spa
Language code of original fre
100 1# - MAIN ENTRY--PERSONAL NAME
Personal name Grandville, J. J.,
Dates associated with a name 1803-1847
245 10 - TITLE STATEMENT
Title Vida privada y pública de los animales /
Statement of responsibility, etc. J. J. Grandville ; traducción José maría González-Ruiz ; revisión, apéndices y notas M. I. Villarino ; Emilio Pascual ; ilustración J. J. Grandville
260 ## - PUBLICATION, DISTRIBUTION, ETC. (IMPRINT)
Place of publication, distribution, etc. Madrid :
Name of publisher, distributor, etc. Ediciones Generales Anaya,
Date of publication, distribution, etc. 1984.
300 ## - PHYSICAL DESCRIPTION
Extent 359 p. :
Other physical details il. ;
Dimensions 20 cm.
490 1# - SERIES STATEMENT
Series statement Tus libros
Volume/sequential designation 48
490 ## - SERIES STATEMENT
Series statement Satíricos
534 ## - ORIGINAL VERSION NOTE
Main entry of original Vie privée et publique des animaux.
700 ## - ADDED ENTRY--PERSONAL NAME
Personal name González Ruiz, José María,
Dates associated with a name 1916-2005,
Relator term tr.
700 1# - ADDED ENTRY--PERSONAL NAME
Personal name Villarino, María Isabel
700 12 - ADDED ENTRY--PERSONAL NAME
Personal name Pascual, Emilio,
Dates associated with a name 1948-
830 #0 - SERIES ADDED ENTRY--UNIFORM TITLE
Uniform title Tus libros ;
Number of part/section of a work 48
830 #0 - SERIES ADDED ENTRY--UNIFORM TITLE
Uniform title Satíricos
942 ## - ADDED ENTRY ELEMENTS (KOHA)
Source of classification or shelving scheme Dewey Decimal Classification
Koha item type Libros
945 ## - LOCAL PROCESSING INFORMATION (OCLC)
a Inventariado, 2018 /LP
956 ## - LOCAL ELECTRONIC LOCATION AND ACCESS (OCLC)
Host name LOPEREZ
Access number 10
Existencias
Withdrawn status Lost status Source of classification or shelving scheme Damaged status Not for loan Home library Current library Date acquired Source of acquisition Total Checkouts Barcode Date last seen Copy number Price effective from Koha item type
    Dewey Decimal Classification     Biblioteca Pública Metropolitana Salomé Ureña Biblioteca Pública Metropolitana Salomé Ureña 11/06/2015 FUNDI   BPMSU15110103 11/06/2015 Ej. 1 11/06/2015 Libros